000 00565nam a22001817a 4500
999 _c191508
_d191508
005 20220829112211.0
010 _aENG-134749
020 _a9789380394763
_c500.00
035 _aEN-118281
037 _bDBAD/PUB
082 _a070.480
245 _aMedia And English Language in Rural India/
_cEdited by S. Arunraj
260 _aTiruchirappalli
_bRaja Publications
_c2015
270 _aNo. 10, Upstairs, Ibrahim Nagar Khajamalai
_bTiruchirappali
300 _axxiv, 416p.
_c21cm(pbk)
700 _aArunraj, S.
942 _2ddc
_cEN
_h070.480
_mMED